00514nam a2200145Ia 4500003000400000008004100004020002300045040000800068041000700076082002100083100004000104245013200144260008400276300000800360LDD190117s9999 xx 000 0 und d a8170167191c₹160 cLDD ahi a8H3.7 भा6442 aजोशी, हिमांशु 0aभारतीय भाषाओं की श्रेष्ठ कहानियाँcहिमांशु जोशी aनयी दिल्लीbकिताबघर प्रकाशनc2005 a172